| 000 | 00633nam a2200253Ia 4500 | ||
|---|---|---|---|
| 005 | 20250425162547.0 | ||
| 008 | 250425s9999 xx 000 0 und d | ||
| 020 | _a8432960063 | ||
| 041 | _aspa | ||
| 043 | _asp | ||
| 082 | _a621.3 | ||
| 100 | _aRAMÍREZ VÁZQUEZ, JOSÉ | ||
| 245 | 0 | _aENCICLOPEDIA CEAC DE ELECTRICIDAD: CENTRALES ELECTRICAS | |
| 250 | _a3A ED. | ||
| 260 | _aBARCELONA | ||
| 260 |
_aEspaña _bCEAC _c1977 |
||
| 300 | _a772 | ||
| 650 | _aCENTRALES ELECTRICAS | ||
| 650 | _aINGENIERIA ELECTRICA | ||
| 650 | _aREACTORES NUCLEARES | ||
| 650 | _aSISTEMAS HIDRAULICOS | ||
| 942 | _c01 | ||
| 010 | _a85658 | ||
| 999 |
_c231741 _d231741 |
||